Доклад чиновника лесного отдела о мерах борьбы с самовольными порубками леса, переписка с Министерством земледелия о разработке ...

Доступно только в Электронных читальных залах Найти на картеНа карте
RUSMARC
00003815nac2a22002413x 450
001e152f22b-d1e7-4743-b327-afb8e2ebbdcb
00520190225124346.0
100##$a20190110l 1919k y0rusy50 ca
1010#$arus
102##$aRU
105##$ay z |||e|
2001#$aДоклад чиновника лесного отдела о мерах борьбы с самовольными порубками леса, переписка с Министерством земледелия о разработке законопроектов о борьбе с порубщиками леса и др.
$j16 сентября 1918 - 27 февраля 1919
215##$a20 листов
251##$cДело
300##$aМашинописный и рукописный текст
324##$aВ деле имеются копии отдельных документов
461#0$10010f0e3429-2e37-4fb4-ace0-6332d350a692
$12001
$aМинистерство внутренних дел Российского правительства. Омск
$1251
$cФонд
$1852
$j1700
$gР
462#0$1001ae790ebe-5e57-4246-b847-45ced1f0c984
$12001
$aЮридический Отдел. 1918-1919 г.
$vД. 11
$1251
$cОпись
$1852
$j4
60102$3RU\NLR\AUTH\8810247804
$aВременное Сибирское правительство
$bМинистерство внутренних дел
60102$3RU\NLR\AUTH\889926921
$aВременное Сибирское правительство
$bМинистерство земледелия
801#0$aRU
$bGA_RF
801#1$aRU
$bГлавНИВЦ
$c20190110
$2rusmarc
801#2$aRU
$bПБ им. Б.Н. Ельцина
$c20190225
$gRCR
$2rusmarc
852##$aГА РФ
$j11
937##$d126055745
$hПБ
035##$aRuPRLIB51054467
856##$uhttp://readingroom.main.prlib.ru/item.aspx?id_node=n126055745&mode=full
Формат отображения